| 000 | 01437cam a2200337 a 4500 | ||
|---|---|---|---|
| 999 |
_c331007 _d331007 |
||
| 001 | 13417412 | ||
| 003 | NUST | ||
| 005 | 20180117090029.0 | ||
| 008 | 031126s2005 at a b 001 0 eng | ||
| 010 | _a 2003115917 | ||
| 020 | _a0534607004 | ||
| 035 | _a(DLC) 2003115917 | ||
| 040 |
_aDLC _cDLC _dDLC |
||
| 050 | 0 | 0 |
_aBF723.P4 _bS48 2005 |
| 082 | 0 | 0 |
_a155.4/18 _221 |
| 100 | 1 |
_aShaffer, David R. _q(David Reed), _d1946- _94353 |
|
| 245 | 1 | 0 |
_aSocial and personality development / _cDavid R. Shaffer. |
| 250 | _a5th ed. | ||
| 260 |
_aAustralia ; _aBelmont, CA : _bWadsworth/Thomson Learning, _cc2005. |
||
| 300 |
_axxv, 571 p. : _bill. ; _c26 cm. |
||
| 504 | _aIncludes bibliographical references (p. 477-535) and indexes. | ||
| 650 | 0 |
_aPersonality development _vTextbooks. _94354 |
|
| 650 | 0 |
_aSocialization _vTextbooks. _94355 |
|
| 856 | 4 | 2 |
_3Contributor biographical information _uhttp://www.loc.gov/catdir/enhancements/fy1514/2003115917-b.html |
| 856 | 4 | 2 |
_3Publisher description _uhttp://www.loc.gov/catdir/enhancements/fy1514/2003115917-d.html |
| 856 | 4 | 1 |
_3Table of contents only _uhttp://www.loc.gov/catdir/enhancements/fy1514/2003115917-t.html |
| 906 |
_a7 _bcbc _corignew _d2 _eepcn _f20 _gy-gencatlg |
||
| 942 |
_2ddc _cBK |
||